02313nam a2200409 i 450000500170000000800410001702000180005802000150007604000350009104100080012608200190013411001090015324501950026225000220045726400280047930000660050733600270057333700330060033800280063349000290066150000470069050400280073750503370076565000510110265000480115365000420120170002900124374000450153374000810157874000260165974000750168574000520176074000230181274000410183594200120187699900150188820220317001335.0161108s2011 ck a gs 000 0 spa d a9799586149029 a9586149021 aCO-BoRNBPbspacCO-BoRNBPerda0 aspa04a320.9861bI57c1 aUniversidad Nacional de Colombia bInstituto de Estudios Políticos y Relaciones Internacionales97091710aColombiabcambio de siglo, balances y perspectivasbInstituto de Estudios Políticos y Relaciones Internacionales ; Universidad Nacional de Colombia ; edición Juan Carlos Rodríguez Raga aPrimera edición 1aBogotábPlanetac2011 a309 páginasbilustraciones y mapas en blanco y negroc23 cm atextobtxt2rdacontent asin mediaciónbn2rdamedia avolumenbnc2rdacarrier aLa línea del horizonte aIncluye datos biográficos de los autores aIncluye bibliografía 1 aViolencia, guerra civil, contrato social -- De la prohibición a la guerra: el narcotráfico colombiano en el siglo XX -- Democracia dubitativa -- La política exterior de Colombia: la estrella polar está de vuelta -- La región y la nación en la sociedad global -- Colombia Siglo XXI -- Sobre las constituciones de Colombia14aProblemas sociales vEnsayos zColombia 2LEMB14aConflicto armado vEnsayoszColombia 2LEMB14aDemocracia vEnsayoszColombia 2LEMB1 aUniversidad Nacional de Colombia (Bogotá). Instituto de Estudios Políticos y Relaciones Internacionales Ramírez Tobón, William López Restrepo, Andrés Gutiérrez Sanín, Francisco Restrepo, Luis Alberto Borja, Miguel Wills Obregón, María Emma Gómez Albarello912799402aViolencia, guerra civil, contrato social02aDe la prohibición a la guerra: el narcotráfico colombiano en el siglo XX02aDemocracia dubitativa02aLa política exterior de Colombia: la estrella polar está de vuelta02aLa región y la nación en la sociedad global02aColombia Siglo XXI02aSobre las constituciones de Colombia 2ddccBK c6664d6664